000 00549nam a2200193Ia 4500
005 20250522104512.0
008 008 250516s9999 xx 000 0 eng d
020 _a9780521459105
040 _aSDCL
_beng
_cSDCL
041 _aeng
_2eng
084 _aV791'P, QO
_qSDCL
100 _aMcNeill, J. R.
245 0 _aMosquito empires :
_bEcology and war in the greater caribbean, 1620-1914
260 _aNew York:
_bCambridge University Press,
_c2010.
300 _axviii,371p.
365 _aUKP
_b24.99
650 _aReference
942 _cTEXL
999 _c1430566
_d1430566